000 00545nam a22002057a 4500
003 BUBTL
008 160123b xxu||||| |||| 00| 0 eng d
020 _a9788185749754
082 _222
_a621.38132GUE
100 _dGupta, J.B.
245 _aElectronic Devices and Circuits
250 _a3rd
260 _aDelhi
_bS.K. Kataria & Sons
_c2009
300 _a914
_bill
_c27cm
650 _2EEE
760 _b3rd
856 _k0
_l0
_yDownload
942 _2ddc
_cBK
_e3rd
999 _c5106
_d5106